[Event "Reykjavik Open 2024"]
[Site "Reykjavik ISL"]
[Date "2024.03.17"]
[Round "4.145"]
[White "Mensing, Adrian"]
[Black "Seshadri, Sridhar"]
[Result "1-0"]
[WhiteElo "1980"]
[BlackElo "1680"]
[WhiteFideId "1043293"]
[BlackFideId "30913942"]
[EventDate "2024.03.15"]

1. d4 d5 2. c4 e5 3. dxe5 d4 4. Nf3 Nc6 5. a3 Bg4 6. Bf4 Bxf3 7. exf3 Nge7 8.
Bg3 Nf5 9. f4 Be7 10. Bd3 Qd7 11. Qc2 g6 12. Nd2 h5 13. h3 h4 14. Bh2 a5 15. O-O
O-O-O 16. Rfb1 Ne3 17. Qa4 Kb8 18. b4 Nf5 19. bxa5 Nxe5 20. Qb3 c6 21. fxe5 Ka8
22. a6 b6 23. Qxb6 Rb8 24. Qxb8+ Rxb8 25. Rxb8+ 1-0

[Event "Reykjavik Open 2024"]
[Site "Reykjavik ISL"]
[Date "2024.03.17"]
[Round "4.146"]
[White "Stark, John"]
[Black "Pollitt, Henry"]
[Result "1/2-1/2"]
[WhiteTitle "CM"]
[WhiteElo "1947"]
[BlackElo "1674"]
[WhiteFideId "4300963"]
[BlackFideId "2644916"]
[EventDate "2024.03.15"]

1. c4 c6 2. e4 d5 3. cxd5 cxd5 4. exd5 Nf6 5. Bb5+ Nbd7 6. Nc3 a6 7. Ba4 b5 8.
Bc2 Nb6 9. Nge2 Nbxd5 10. d4 e6 11. O-O Bd6 12. Nxd5 Nxd5 13. a4 b4 14. Ng3 Qc7
15. Re1 Bb7 16. Be4 O-O 17. Qc2 Qxc2 18. Bxc2 Rac8 19. Be4 a5 20. Bd2 Bxg3 21.
hxg3 Rc4 22. Be3 Nxe3 23. Rxe3 Bxe4 24. Rxe4 Rd8 25. Re5 Rd5 26. Rd1 Kf8 27. Rd2
Rcxd4 1/2-1/2

[Event "Reykjavik Open 2024"]
[Site "Reykjavik ISL"]
[Date "2024.03.17"]
[Round "4.147"]
[White "Gulbinski, Michal"]
[Black "Smits, Eduard"]
[Result "1/2-1/2"]
[WhiteElo "1671"]
[BlackElo "1918"]
[WhiteFideId "21086079"]
[BlackFideId "1044184"]
[EventDate "2024.03.15"]

1. d4 d5 2. Nf3 Nf6 3. Bf4 e6 4. e3 c5 5. c3 Nc6 6. Nbd2 Bd6 7. Bg3 O-O 8. Bd3
Qe7 9. O-O e5 10. dxe5 Nxe5 11. Nxe5 Bxe5 12. Bxe5 Qxe5 13. Nf3 Qe7 14. h3 Rd8
15. Qc2 b6 16. Rfe1 Bb7 17. a4 Ne4 18. a5 Kh8 19. axb6 axb6 20. Red1 Ng5 21.
Nxg5 Qxg5 22. Bf1 Kg8 23. Qb3 1/2-1/2

[Event "Reykjavik Open 2024"]
[Site "Reykjavik ISL"]
[Date "2024.03.17"]
[Round "4.148"]
[White "Schmidt, Florian Pascal"]
[Black "Jonsson, Jon Oddur"]
[Result "1-0"]
[WhiteElo "1947"]
[BlackElo "1668"]
[WhiteFideId "16256840"]
[BlackFideId "2326426"]
[EventDate "2024.03.15"]

1. Nf3 d5 2. e3 Nc6 3. c4 d4 4. d3 e5 5. Be2 Nf6 6. O-O Be7 7. e4 O-O 8. Ne1 Ne8
9. f4 exf4 10. Bxf4 Bd6 11. Qc1 f5 12. Bg5 Be7 13. Bxe7 Qxe7 14. Nd2 Ne5 15.
Nef3 fxe4 16. Nxe4 c5 17. Nxe5 Qxe5 18. Rxf8+ Kxf8 19. Qd2 b6 20. Ng5 h6 21.
Rf1+ Nf6 22. Nh7+ Kg8 23. Nxf6+ gxf6 24. Qxh6 f5 25. Bf3 Qe3+ 26. Qxe3 dxe3 27.
Bxa8 Kg7 28. Re1 f4 29. g3 fxg3 30. hxg3 1-0

[Event "Reykjavik Open 2024"]
[Site "Reykjavik ISL"]
[Date "2024.03.17"]
[Round "4.149"]
[White "Haugen, Lars Tormod"]
[Black "Proudfoot, Andy"]
[Result "1-0"]
[WhiteElo "1945"]
[BlackElo "1650"]
[WhiteFideId "1559966"]
[BlackFideId "487910"]
[EventDate "2024.03.15"]

1. c4 g6 2. Nc3 Bg7 3. g3 Nc6 4. Bg2 d6 5. e4 f5 6. d3 Nf6 7. Nge2 O-O 8. O-O e5
9. exf5 Bxf5 10. h3 Qc8 11. Kh2 Re8 12. Be3 e4 13. dxe4 Nxe4 14. Qd5+ Qe6 15.
Bxe4 Bxe4 16. Nxe4 Qxd5 17. cxd5 Nb4 18. N4c3 Bxc3 19. Nxc3 Nc2 20. Rac1 Nxe3
21. fxe3 Rxe3 22. Rce1 1-0

[Event "Reykjavik Open 2024"]
[Site "Reykjavik ISL"]
[Date "2024.03.17"]
[Round "4.150"]
[White "Speck, Stefan"]
[Black "Brynjarsson, Orvar Holm"]
[Result "1/2-1/2"]
[WhiteElo "1921"]
[BlackElo "1645"]
[WhiteFideId "4639219"]
[BlackFideId "2321726"]
[EventDate "2024.03.15"]

1. e4 c5 2. Nf3 Nc6 3. d4 cxd4 4. Nxd4 e5 5. Nb5 d6 6. c4 Be6 7. N1c3 a6 8. Na3
Nf6 9. g3 Nd4 10. Bg2 g6 11. O-O Bg7 12. Nd5 O-O 13. Nc2 Rc8 14. Nce3 Bxd5 15.
cxd5 Qd7 16. b3 Rc7 17. Rb1 Rfc8 18. Nc4 Qe7 19. Ba3 Nb5 20. Bb2 Re8 21. a4 Nd4
22. Ba3 Rd8 23. a5 Nb5 24. Bb2 Nd7 25. f4 Nc5 26. fxe5 dxe5 27. Ba1 Rcd7 28. Nb6
Rc7 29. Nc4 Rcd7 30. Nb6 Rc7 31. Nc4 Rcd7 1/2-1/2

[Event "Reykjavik Open 2024"]
[Site "Reykjavik ISL"]
[Date "2024.03.17"]
[Round "4.151"]
[White "Solsker, Jonas"]
[Black "Yazgi, Huseyin Yigit"]
[Result "1/2-1/2"]
[WhiteElo "1681"]
[BlackElo "1905"]
[WhiteFideId "7204124"]
[BlackFideId "6307060"]
[EventDate "2024.03.15"]

1. d4 d6 2. c4 Nf6 3. Nc3 Nbd7 4. Nf3 e5 5. e4 exd4 6. Nxd4 Nc5 7. Qc2 a5 8. Be2
g6 9. Bg5 h6 10. Bh4 Bg7 11. f3 O-O 12. O-O Re8 13. Rfd1 Bd7 14. Rac1 g5 15. Bf2
Qc8 16. Bd3 Nh5 17. g3 Nf6 18. Ndb5 Ne6 19. Re1 Bf8 20. Nd5 Nh5 21. g4 Nhf4 22.
Nf6+ Kh8 23. Nxe8 Bxe8 24. Bf1 Bg7 25. Qd2 Qd8 26. Rcd1 Qe7 27. Nd4 Nxd4 28.
Bxd4 Bc6 29. Bxg7+ Kxg7 30. Qc3+ f6 31. b3 b6 32. a3 h5 33. h3 Rh8 34. Rd2 Kg8
35. Qb2 Qg7 36. b4 axb4 37. axb4 hxg4 38. hxg4 Rh4 39. Rh2 Qh6 40. c5 dxc5 41.
bxc5 b5 42. Rd1 Rxh2 43. Qxh2 Qxh2+ 44. Kxh2 Ne6 45. Kg3 Be8 46. Rc1 c6 47. Kf2
Kf7 48. Ke3 Ke7 49. Bd3 Bf7 50. Bb1 Nd8 51. Rc2 Nb7 52. Kd4 Na5 53. Kc3 Nc4 54.
Ba2 Ne5 55. Bxf7 Kxf7 56. Rf2 Ke6 57. Kd4 Ng6 58. Rf1 Nf4 59. Rd1 Ke7 60. Ke3
Ne6 61. Rd6 b4 62. Rxc6 b3 63. Rb6 Nxc5 64. Kd4 Ne6+ 65. Kc4 Nf4 66. Rxb3 Ke6
67. Rb6+ Ke5 68. Rb5+ Ke6 69. Kd4 Ng6 70. Rb6+ Ke7 71. Ra6 Ne5 72. Ke3 Kf7 73.
Ra7+ Kg6 74. Kf2 Kh6 75. Kg3 Nd3 76. Ra6 Kg7 77. Rd6 Nf4 78. Ra6 Ne2+ 79. Kf2
Nf4 80. Ra5 Kg6 81. Rf5 Ne6 82. Ke3 Ng7 83. Rd5 Ne6 84. Rd6 Kf7 85. Rd7+ Kg6 86.
Ra7 Nf4 87. Ra6 Kf7 88. Kd4 Ne6+ 89. Kc4 Nf4 90. Kc5 Ne6+ 91. Kc4 Nf4 92. Rb6
Ng6 93. Kc5 Ne5 94. Rb3 Ke6 95. Ra3 Nd7+ 96. Kd4 Ne5 97. Ra6+ Kf7 98. Kd5 Nxf3
99. Ra7+ Kg6 100. Ra2 Ne5 1/2-1/2

[Event "Reykjavik Open 2024"]
[Site "Reykjavik ISL"]
[Date "2024.03.17"]
[Round "4.152"]
[White "Spagnoli, Benjamin"]
[Black "Gilsdottir, Sara"]
[Result "1-0"]
[WhiteElo "1883"]
[BlackElo "1667"]
[WhiteFideId "20667116"]
[BlackFideId "1574337"]
[EventDate "2024.03.15"]

1. d4 d5 2. Nc3 Nf6 3. Bf4 e6 4. e3 Bb4 5. Bd3 c5 6. dxc5 Nbd7 7. Ne2 a6 8. a3
Bxc5 9. Bg5 h6 10. Bh4 b5 11. b4 Ba7 12. Bg3 Bb7 13. Nd4 Rc8 14. Nb1 O-O 15. O-O
Re8 16. Nd2 Nb6 17. N4b3 Nfd7 18. e4 dxe4 19. Nxe4 Bxe4 20. Bxe4 Nd5 21. Bxd5
exd5 22. Qxd5 Nb8 23. Qf5 Re2 24. Rad1 Qe8 25. Nd2 Qe6 26. Qd3 Nc6 27. c4 Rd8
28. Qc3 Bd4 29. Qc1 Qf6 30. cxb5 axb5 31. Nf3 Bb2 32. Rxd8+ Nxd8 33. Qd1 Re8 34.
Qd7 Re4 35. Rd1 Ne6 36. Qe8+ Kh7 37. Qxb5 Bxa3 38. Qd3 Qf5 39. Qxa3 Qb5 40. Bd6
Qe2 41. Qd3 Qxd3 42. Rxd3 Rc4 43. Kf1 Rc1+ 44. Ke2 Rb1 45. Nd2 Rb2 46. Ke3 g5
47. Rb3 Rc2 48. b5 Nd8 49. b6 Nb7 50. Bc7 Kg6 51. Ne4 Rc6 52. Nd6 Nxd6 53. Bxd6
Rxd6 54. b7 Re6+ 55. Kd4 1-0

[Event "Reykjavik Open 2024"]
[Site "Reykjavik ISL"]
[Date "2024.03.17"]
[Round "4.153"]
[White "Hildebrandt, Paul"]
[Black "Arnalds, Stefan"]
[Result "0-1"]
[WhiteElo "1679"]
[BlackElo "1876"]
[WhiteFideId "34643702"]
[BlackFideId "2304821"]
[EventDate "2024.03.15"]

1. Nf3 Nf6 2. b3 g6 3. Bb2 Bg7 4. e3 O-O 5. c4 d5 6. d4 b6 7. Nbd2 Bb7 8. Be2
Nbd7 9. O-O Rc8 10. Rc1 c5 11. h3 cxd4 12. exd4 dxc4 13. Bxc4 Nb8 14. Re1 Qd6
15. Qe2 e6 16. Qe5 Qe7 17. Qe2 Rfd8 18. Ne5 Bh6 19. Rcd1 Nd5 20. Bxd5 Bxd5 21.
Ndf3 Qb7 22. Rd3 Nc6 23. Nxc6 Rxc6 24. Ne5 Rc7 25. f3 Rdc8 26. Nc4 Bxc4 27. bxc4
Bg7 28. c5 bxc5 29. Rb3 Qd5 30. dxc5 Qxc5+ 31. Kh1 Bxb2 32. Rxb2 Qc4 33. Qe5 Qc3
34. Qxc3 Rxc3 35. Ree2 a5 36. a4 R8c4 37. Re4 Rxe4 38. fxe4 Rc4 39. Rb8+ Kg7 0-1

[Event "Reykjavik Open 2024"]
[Site "Reykjavik ISL"]
[Date "2024.03.17"]
[Round "4.154"]
[White "Perry, Andrew Blair"]
[Black "Jonsson, Olafur Gisli"]
[Result "0-1"]
[WhiteElo "1654"]
[BlackElo "1849"]
[WhiteFideId "30958563"]
[BlackFideId "2302705"]
[EventDate "2024.03.15"]

1. d4 d5 2. Nf3 Nf6 3. c4 e6 4. g3 Be7 5. Bg2 O-O 6. O-O Nbd7 7. Qc2 c6 8. b3
Re8 9. Ba3 Bxa3 10. Nxa3 Qe7 11. Qb2 e5 12. dxe5 Nxe5 13. cxd5 Nxd5 14. Nxe5
Qxe5 15. Qxe5 Rxe5 16. e3 Nb6 17. Nc2 Bg4 18. f3 Bd7 19. Rfd1 Rae8 20. Rd3 R5e7
21. Rad1 f5 22. Kf2 g6 23. h4 Be6 24. f4 Bd5 25. Bxd5+ Nxd5 26. Kf3 Re4 27. Rg1
h5 28. Re1 R8e7 29. Red1 Kf7 30. a3 a5 31. Re1 a4 32. b4 Rc4 33. Re2 Nc3 34. Rg2
Nd5 35. Re2 Rc3 36. Rxc3 Nxc3 37. Rd2 Nd5 38. Rd4 Nc3 39. Rd3 Nb5 40. Rd1 Ke8
41. Rd3 Re4 42. Ke2 Ke7 43. Kd2 Rc4 44. Ne1 Nd6 45. Nf3 Ne4+ 46. Ke1 Rc1+ 47.
Ke2 Nxg3+ 48. Kd2 Ra1 49. Ne5 Ne4+ 50. Kc2 Rg1 51. Rd7+ Ke6 52. Rxb7 Kd5 53. Ra7
Rg2+ 54. Kc1 Rg1+ 55. Kc2 Rg2+ 56. Kc1 Nc3 57. Ra5+ Ke4 58. Nc4 Kd3 59. Nb2+
Kxe3 60. Nxa4 Ne2+ 61. Kb1 Nxf4 62. Nc3 Nd3 63. Ra8 f4 64. Re8+ Kd4 65. Nd1 f3
66. Rf8 f2 67. Rf3 Rg1 68. Kc2 Ne1+ 69. Kc1 Nxf3 70. a4 Rxd1+ 71. Kxd1 f1=Q+ 0-1

[Event "Reykjavik Open 2024"]
[Site "Reykjavik ISL"]
[Date "2024.03.17"]
[Round "4.155"]
[White "Vega, Isaac"]
[Black "Eustratiadis, Panagiotis"]
[Result "1-0"]
[WhiteElo "1818"]
[BlackElo "1653"]
[WhiteFideId "30914035"]
[BlackFideId "40100448"]
[EventDate "2024.03.15"]

1. e4 e6 2. d4 d5 3. Nd2 Nf6 4. e5 Nfd7 5. Bd3 c5 6. c3 Nc6 7. Ne2 a5 8. a4 cxd4
9. cxd4 f6 10. exf6 Nxf6 11. O-O Bd6 12. Nf3 O-O 13. Bf4 Nb4 14. Bxd6 Qxd6 15.
Bb1 b6 16. Ng3 Bd7 17. Re1 Rac8 18. Ra3 h6 19. Ne5 Rc7 20. Nh5 Be8 21. Nxf6+
Rxf6 22. Rg3 Qf8 23. Ng4 Nc6 24. Qc2 g5 25. Nxf6+ Qxf6 26. Rf3 Qe7 27. Rc3 Qf6
28. Qd2 Re7 29. Rd1 Rf7 30. Rf3 Qg7 31. Rxf7 Kxf7 32. Qc3 Ke7 33. Qd3 Qf6 34.
Qa6 Nxd4 35. Qxb6 Nc6 36. Bd3 Nb4 37. Qc5+ Kf7 38. Qc7+ Kf8 39. Bb5 Bxb5 40.
axb5 Qxb2 41. b6 Qe2 42. Rc1 Na6 43. Qh7 Nc5 44. b7 1-0

[Event "Reykjavik Open 2024"]
[Site "Reykjavik ISL"]
[Date "2024.03.17"]
[Round "4.156"]
[White "Stuhr, Finn"]
[Black "Schilling, Patrick T"]
[Result "1-0"]
[WhiteElo "1814"]
[BlackElo "1633"]
[WhiteFideId "1400789"]
[BlackFideId "30996295"]
[EventDate "2024.03.15"]

1. e4 c5 2. Bc4 Nc6 3. Nc3 e6 4. Nf3 Nge7 5. Qe2 g6 6. O-O Bg7 7. Re1 O-O 8. a3
Nd4 9. Nxd4 cxd4 10. Nd1 Nc6 11. Ba2 d5 12. exd5 exd5 13. d3 Be6 14. Bd2 Qd7 15.
f3 Rfe8 16. Qf2 Bf5 17. Rc1 Rxe1+ 18. Qxe1 Re8 19. Qg3 Re2 20. Be1 Qe7 21. Bf2
Be5 22. f4 Bg7 23. Bxd5 Qc5 24. Qf3 Rxc2 25. b4 Rxf2 26. Rxc5 Rxf3 27. Bxf3 Bxd3
28. Bxc6 bxc6 29. Rxc6 Be2 30. Rc8+ Bf8 31. Nb2 d3 32. Kf2 Kg7 33. Ke3 Bg4 34.
Ra8 Be7 35. Rxa7 Bf5 1-0

[Event "Reykjavik Open 2024"]
[Site "Reykjavik ISL"]
[Date "2024.03.17"]
[Round "4.157"]
[White "Jelsma, Remco"]
[Black "Y Castro, Vitor Fernandez"]
[Result "1-0"]
[WhiteElo "1802"]
[BlackElo "1630"]
[WhiteFideId "1085778"]
[BlackFideId "44760973"]
[EventDate "2024.03.15"]

1. d4 Nf6 2. Nc3 g6 3. Bf4 Bg7 4. e3 O-O 5. h4 d6 6. h5 Nxh5 7. Rxh5 gxh5 8.
Qxh5 Nd7 9. Bd3 Nf6 10. Qh4 h6 11. Bxh6 Bxh6 12. Qxh6 d5 13. Nf3 1-0

[Event "Reykjavik Open 2024"]
[Site "Reykjavik ISL"]
[Date "2024.03.17"]
[Round "4.158"]
[White "Imam-Sadeque, Ali"]
[Black "Fjeldsted, Andres"]
[Result "1-0"]
[WhiteElo "1652"]
[BlackElo "1795"]
[WhiteFideId "343422500"]
[BlackFideId "2321378"]
[EventDate "2024.03.15"]

1. d4 d5 2. Nc3 Nf6 3. Bf4 c6 4. e3 e6 5. Bd3 Bd6 6. Nge2 Qe7 7. O-O Nbd7 8. e4
dxe4 9. Nxe4 Bxf4 10. Nxf4 Nxe4 11. Bxe4 Nf6 12. Qf3 Nxe4 13. Qxe4 O-O 14. Nd3
Rd8 15. f4 Qd6 16. c3 Qd5 17. Qe2 b6 18. Ne5 f6 19. Nf3 Qd6 20. Qe4 Qd5 21. Rfe1
Qxe4 22. Rxe4 g6 23. Rae1 Kf7 24. h3 Rd6 25. g4 Ba6 26. b3 Re8 1-0

[Event "Reykjavik Open 2024"]
[Site "Reykjavik ISL"]
[Date "2024.03.17"]
[Round "4.160"]
[White "Vatneodegard, Marie"]
[Black "Hauksson, Helgi"]
[Result "0-1"]
[WhiteElo "1575"]
[BlackElo "1790"]
[WhiteFideId "1546961"]
[BlackFideId "2305593"]
[EventDate "2024.03.15"]

1. e4 c6 2. Nc3 g6 3. Nf3 Bg7 4. d4 d6 5. Be2 Nd7 6. O-O e5 7. d5 c5 8. Bg5 f6
9. Be3 Ne7 10. Nb5 Nf8 11. Qd2 a6 12. Nc3 h6 13. a3 Kf7 14. Nh4 Nh7 15. f4 Kg8
16. f5 g5 17. Ng6 Nxg6 18. fxg6 Nf8 19. Bh5 Bd7 20. Ne2 Be8 21. Ng3 Nxg6 22. Qe2
Kh7 23. Qf3 Nh4 24. Qd1 Bd7 25. Nf5 Nxf5 26. exf5 Rf8 27. Bg6+ Kg8 28. Qg4 Qe7
29. Rf3 Be8 30. Raf1 Qd7 31. Qh5 Bf7 32. c4 b5 33. b3 Rfb8 34. h4 Bxg6 35. fxg6
Rf8 36. hxg5 fxg5 37. Rxf8+ Rxf8 38. Rxf8+ Bxf8 39. Qf3 Kg7 40. Qe4 Be7 41. cxb5
axb5 42. Bd2 Qe8 43. Qg4 Qxg6 44. Qd7 Qf7 45. Qxb5 Qxd5 46. Ba5 g4 47. Qc4 Qd1+
48. Kh2 h5 49. Qe6 Bf6 50. Qd7+ Kg6 51. Qe6 Qd4 52. Be1 e4 53. Qe8+ Kg5 54. Qg8+
Bg7 55. Qd8+ Qf6 56. Qxf6+ Bxf6 57. a4 Bd4 58. g3 d5 59. a5 c4 60. bxc4 dxc4 61.
a6 Kf5 62. Bc3 Ba7 63. Kg2 Ke6 64. Kf1 Kd5 65. Ke2 Kc6 66. Bd2 Kb5 67. Be3 Bxe3
68. Kxe3 Kxa6 69. Kxe4 Kb5 70. Kf5 c3 71. Kg5 c2 72. Kxh5 c1=Q 73. Kxg4 Qh6 74.
Kf5 Kc5 75. g4 Kd5 76. g5 Qe6+ 77. Kf4 Qg6 78. Kg4 Ke5 0-1

[Event "Reykjavik Open 2024"]
[Site "Reykjavik ISL"]
[Date "2024.03.17"]
[Round "4.161"]
[White "Gudnyjarson, Sigurdur Pall"]
[Black "Saemundsson, Thor"]
[Result "1/2-1/2"]
[WhiteElo "1789"]
[BlackElo "1626"]
[WhiteFideId "2321637"]
[BlackFideId "2407493"]
[EventDate "2024.03.15"]

1. d4 e6 2. c4 b6 3. Nf3 Bb7 4. Nc3 Bb4 5. Qc2 Ne7 6. a3 Bxc3+ 7. Qxc3 d6 8. Bf4
Nd7 9. e3 Nf6 10. Rd1 Ne4 11. Qc2 Ng6 12. Bg3 Qe7 13. Bd3 Nxg3 14. hxg3 Bxf3 15.
gxf3 e5 16. Bxg6 fxg6 17. Rxh7 O-O-O 18. Rxh8 Rxh8 19. Qxg6 exd4 20. Rxd4 Rh1+
21. Ke2 Rc1 22. Re4 Qd7 23. Re8+ Kb7 24. Qe4+ Ka6 25. b4 Qa4 26. Qd3 Rc2+ 27.
Ke1 Rc1+ 28. Ke2 Rc2+ 29. Ke1 Rc1+ 30. Ke2 1/2-1/2

[Event "Reykjavik Open 2024"]
[Site "Reykjavik ISL"]
[Date "2024.03.17"]
[Round "4.162"]
[White "Jonsdottir, Katrin Maria"]
[Black "De Winter, Eric"]
[Result "1/2-1/2"]
[WhiteElo "1525"]
[BlackElo "1782"]
[WhiteFideId "2316706"]
[BlackFideId "1033069"]
[EventDate "2024.03.15"]

1. e4 d6 2. Nf3 g6 3. d4 Bg7 4. Be3 Nf6 5. Nbd2 Ng4 6. h3 Nxe3 7. fxe3 O-O 8.
Bc4 c6 9. Qe2 Nd7 10. O-O-O b5 11. Bb3 a6 12. g4 c5 13. a3 c4 14. Ba2 Qa5 15.
Nb1 Bb7 16. Nfd2 Rac8 17. c3 e5 18. h4 h6 19. g5 h5 20. Rhf1 Qd8 21. Qg2 Qe7 22.
Qe2 Nb6 23. Qg2 exd4 24. exd4 a5 25. Qe2 Rc7 1/2-1/2

[Event "Reykjavik Open 2024"]
[Site "Reykjavik ISL"]
[Date "2024.03.17"]
[Round "4.163"]
[White "Brade, Henry"]
[Black "Beyerle, Gregor"]
[Result "1-0"]
[WhiteElo "1771"]
[BlackElo "1610"]
[WhiteFideId "519456"]
[BlackFideId "34614494"]
[EventDate "2024.03.15"]

1. d4 Nf6 2. Nc3 d5 3. Bf4 c5 4. e4 e6 5. e5 cxd4 6. Qxd4 Nc6 7. Bb5 Nd7 8. Qa4
Bc5 9. Bxc6 bxc6 10. b4 Bd4 11. Nge2 Qb6 12. O-O Bxe5 13. Rad1 Ba6 14. Rfe1 Bxe2
15. Nxe2 Bxf4 16. Nxf4 O-O 17. c4 Qc7 18. cxd5 Nb6 19. d6 Qxd6 20. Rxd6 Nxa4 21.
Rxc6 Rfc8 22. Rec1 Rxc6 23. Rxc6 Nb6 24. g3 Rd8 25. a4 e5 1-0

[Event "Reykjavik Open 2024"]
[Site "Reykjavik ISL"]
[Date "2024.03.17"]
[Round "4.164"]
[White "Winter, Kevin"]
[Black "Eiriksson, Theodor"]
[Result "1/2-1/2"]
[WhiteElo "1758"]
[BlackElo "1579"]
[WhiteFideId "421960"]
[BlackFideId "2322277"]
[EventDate "2024.03.15"]

1. e4 e5 2. Nf3 Nc6 3. Bc4 Bc5 4. c3 Nf6 5. d3 d6 6. a4 a5 7. Nbd2 O-O 8. h3 Be6
9. Bb5 Ne7 10. Bc4 Ng6 11. Bxe6 fxe6 12. Nb3 Bb6 13. O-O d5 14. Qe2 Qd6 15. Bg5
Nh5 16. Kh2 1/2-1/2

[Event "Reykjavik Open 2024"]
[Site "Reykjavik ISL"]
[Date "2024.03.17"]
[Round "4.165"]
[White "Banta, Robert Lance"]
[Black "Gudmundsson, Eirikur Orri"]
[Result "1-0"]
[WhiteElo "1755"]
[BlackElo "1536"]
[WhiteFideId "39908682"]
[BlackFideId "2325560"]
[EventDate "2024.03.15"]

1. c4 Nf6 2. Nc3 g6 3. d4 Bg7 4. e4 O-O 5. g3 d6 6. Bg2 Re8 7. Nge2 e5 8. d5 c5
9. O-O a6 10. h3 b5 11. cxb5 axb5 12. Nxb5 Ba6 13. Nec3 Bxb5 14. Nxb5 Qb6 15.
Nc3 c4 16. Qe2 Rc8 17. Be3 Qb4 18. Qc2 Nbd7 19. a3 Qb3 20. Qxb3 cxb3 21. Rfc1
Nc5 22. Bxc5 Rxc5 23. Ne2 Nd7 24. Rc3 Rxc3 25. Nxc3 Nc5 26. Bf1 Na4 27. Nb5 Bf8
28. Rc1 Nxb2 29. Rb1 Na4 30. Rxb3 Nc5 31. Rb4 Bh6 32. Kg2 Bc1 33. Rc4 Bxa3 34.
Nxd6 Nd7 35. Rc8+ Rxc8 36. Nxc8 Kf8 37. Bb5 Bc5 38. Bxd7 1-0

[Event "Reykjavik Open 2024"]
[Site "Reykjavik ISL"]
[Date "2024.03.17"]
[Round "4.167"]
[White "Mork, Peter"]
[Black "Gunnarsdottir, Eyrun Eva"]
[Result "1-0"]
[WhiteElo "1755"]
[BlackElo "1491"]
[WhiteFideId "1580604"]
[BlackFideId "2327058"]
[EventDate "2024.03.15"]

1. f4 d5 2. Nf3 Nf6 3. g3 c5 4. Bg2 Nc6 5. O-O g6 6. d3 Bg7 7. h3 O-O 8. c3 Nd7
9. e4 dxe4 10. dxe4 e6 11. Qe2 Re8 12. e5 Rb8 13. a4 a5 14. Na3 b6 15. Ng5 Qc7
16. Nb5 Ba6 17. Nxc7 Bxe2 18. Nxe8 Bxf1 19. Bxc6 Ba6 20. Nxg7 Kxg7 21. Bxd7 Rd8
22. Bb5 1-0

[Event "Reykjavik Open 2024"]
[Site "Reykjavik ISL"]
[Date "2024.03.17"]
[Round "4.173"]
[White "Gramb, Marius"]
[Black "Andrieu, Justin"]
[Result "1-0"]
[WhiteElo "2142"]
[BlackElo "1720"]
[WhiteFideId "24656593"]
[BlackFideId "1099795"]
[EventDate "2024.03.15"]

1. e4 c6 2. Nc3 d5 3. Nf3 Bg4 4. h3 Bh5 5. exd5 cxd5 6. g4 Bg6 7. Ne5 Nc6 8. d4
e6 9. Bb5 Ne7 10. h4 h6 11. Qf3 f6 12. Nxg6 Nxg6 13. h5 Ne7 14. Qe3 Qd7 15. Na4
a6 16. Nb6 Qd8 17. Bxc6+ 1-0

[Event "Reykjavik Open 2024"]
[Site "Reykjavik ISL"]
[Date "2024.03.17"]
[Round "4.174"]
[White "Hallmundarson, Birkir"]
[Black "Rittmann, Dirk"]
[Result "0-1"]
[WhiteElo "1708"]
[BlackElo "2103"]
[WhiteFideId "2319446"]
[BlackFideId "4629574"]
[EventDate "2024.03.15"]

1. Nf3 Nf6 2. c4 c5 3. Nc3 Nc6 4. e3 d5 5. cxd5 Nxd5 6. Bc4 Nb6 7. Bb5 Bd7 8. d4
e6 9. O-O cxd4 10. exd4 Be7 11. d5 exd5 12. Nxd5 Nxd5 13. Qxd5 O-O 14. Bg5 Be6
15. Qxd8 Bxd8 16. Rfd1 h6 17. Bf4 Bf6 18. Bxc6 bxc6 19. Be5 Bxe5 20. Nxe5 Bd5
21. Rac1 Rac8 22. b3 Rfe8 23. Nd3 Re4 24. f3 Rd4 25. Kf2 Re8 26. g3 g5 27. Nc5
Rb4 28. Na6 Rb7 29. Nc7 Rd8 30. Nxd5 cxd5 31. Rc5 d4 32. Ke2 Re7+ 33. Kd2 Rde8
34. Kd3 Re3+ 35. Kxd4 Rxf3 36. Rc7 Rf2 37. Rxa7 Rxh2 38. Rf1 Rd8+ 39. Kc5 Rc2+
40. Kb4 Rd4+ 41. Ka3 Rdd2 42. Raxf7 Rxa2+ 43. Kb4 Rd4+ 44. Kc3 Rd8 45. Rc7 Rg2
46. Rf3 Rg1 47. Kb2 Rg2+ 48. Kc3 Rg1 49. Kc4 Rc1+ 50. Rc3 Rb1 51. b4 Rb8 52. Rb3
Rxb4+ 53. Rxb4 Rc1+ 54. Kd5 Rxc7 55. Ke4 Rf7 56. Ke5 Kg7 57. Rb6 g4 58. Ke4 Rf6
59. Rb3 Kg6 60. Ra3 h5 61. Rb3 h4 62. Ra3 hxg3 0-1

[Event "Reykjavik Open 2024"]
[Site "Reykjavik ISL"]
[Date "2024.03.17"]
[Round "4.175"]
[White "Molina Cruz, Jurgen Snaider"]
[Black "Andersen, Lars Christoff"]
[Result "0-1"]
[WhiteElo "1708"]
[BlackElo "1993"]
[WhiteFideId "3911381"]
[BlackFideId "1412760"]
[EventDate "2024.03.15"]

1. d4 e6 2. c4 d5 3. Nc3 c5 4. e3 Nf6 5. Nf3 a6 6. Bd3 dxc4 7. Bxc4 b5 8. Bb3
Bb7 9. O-O Be7 10. Ne5 O-O 11. dxc5 Qc7 12. Ng4 Qxc5 13. Bc2 Nbd7 14. Bd2 Nxg4
15. Qxg4 Nf6 16. Qh3 b4 17. Bxh7+ Nxh7 18. Ne2 Ng5 19. Qg4 f5 20. Qd4 Qc6 21. f3
Rad8 0-1

[Event "Reykjavik Open 2024"]
[Site "Reykjavik ISL"]
[Date "2024.03.17"]
[Round "4.176"]
[White "Bjarnason, Kristinn"]
[Black "Blewett, John"]
[Result "1-0"]
[WhiteElo "1934"]
[BlackElo "1668"]
[WhiteFideId "2323028"]
[BlackFideId "343414109"]
[EventDate "2024.03.15"]

1. e4 c5 2. Nf3 Nc6 3. d4 cxd4 4. Nxd4 g6 5. Nc3 Bg7 6. Be3 Nf6 7. Bc4 O-O 8.
Bb3 d6 9. f3 Bd7 10. Qd2 Nxd4 11. Bxd4 Qa5 12. O-O-O Rfc8 13. Kb1 Qc7 14. Bxf6
Bxf6 15. Nd5 Qc5 16. Nxf6+ exf6 17. Qxd6 Qxd6 18. Rxd6 Rc7 19. Rhd1 Bb5 20. Rxf6
a5 21. a3 a4 22. Ba2 Rac8 23. c3 Be8 24. h4 Bb5 25. Rd2 h5 26. Rxg6+ Kh7 27. Rg5 1-0